Beggin' on your knees (victorious) - lyrics - Statistics

General Stats
  • This quiz has been taken 85 times
  • The average score is 202 of 235
Answer Stats
Answer % Correct
I
100%
me,
100%
me
100%
You
100%
you
100%
a
98%
be
98%
for
98%
had
98%
on
98%
your
98%
all
96%
have
96%
I'll
96%
it
96%
knees
96%
so
96%
So
96%
The
96%
the
96%
to
96%
begging
95%
day
95%
day)
95%
told
95%
make
91%
my
91%
one
91%
when
91%
And
89%
and
89%
get
89%
was
89%
what
89%
But
88%
but
88%
deserve
88%
give
88%
stupid
88%
want
88%
with
88%
Yeah
88%
completely
86%
fool
86%
way
86%
attention
84%
her
84%
let
84%
like
84%
sure
84%
true
82%
Cause
81%
cause
81%
(Cause
81%
intentions
81%
crawling
79%
played
79%
do
77%
exposed
77%
know
77%
now?
75%
that
75%
you'll
75%
did
74%
after
72%
don't
72%
dont,
72%
feel
72%
man
72%
ever
70%
happy
70%
this
70%
back
68%
just
68%
messed
68%
player
68%
freak
67%
I'm
67%
out
67%
watch
67%
centipede
65%
game
65%
I've
65%
never
65%
been
63%
felt
63%
song
63%
then
63%
where
63%
makes
61%
only
61%
you're
61%
done
60%
Mr.
60%
set
60%
through
60%
trap
60%
bet
58%
oh
58%
or
58%
being
56%
nervous
56%
can
53%
bitter
47%
it's
47%
under
47%
drag
37%
Imma
37%
No matching quizzes found
Score Distribution
Percent of People with Each Score
Percentile by Number Answered
Your Score History
You have not taken this quiz